000 00550nam a22001817a 4500
005 20251108170950.0
008 250721s1992 xx 000 0 ara d
082 1 4 _aط/599.72/أحم
100 1 _aصوفان، أحمد
245 1 0 _aالحصان العربي /
264 1 _aبيروت :
_bالمؤسسة العربية للدراسات و النشر،
_c1992.
300 _a32ص : مص
490 0 _aحيوانات العالم ؛ 10
650 1 7 _aالخيل
700 1 _aجار الله، هانئه
942 _2ddc
_cBK
999 _c53232
_d53232